[Event "GRE-chT 51st"]
[Site "Trikala"]
[Date "2024.07.08"]
[Round "5.10"]
[White "Mpartzos, Iasonas"]
[Black "Volani, Olga"]
[Result "1/2-1/2"]
[WhiteElo "1633"]
[BlackElo "1589"]
[PlyCount "145"]
[EventDate "2024.07.04"]
[EventType "team-swiss"]
[EventRounds "7"]
[EventCountry "GRE"]
[SourceTitle "CB29_2024"]
[SourceDate "2024.05.01"]
[SourceVersion "1"]
[SourceVersionDate "2024.05.01"]
[SourceQuality "1"]
[WhiteTeam "Panellinios GS"]
[BlackTeam "Chania SA"]
[WhiteTeamCountry "GRE"]
[BlackTeamCountry "GRE"]

1. e4 e6 2. d4 d5 3. Nd2 c5 4. Ngf3 cxd4 5. exd5 Qxd5 6. Bc4 Qd6 7. 0-0 Nf6 8. Nb3 Nc6 9. Nbxd4 Nxd4 10. Nxd4 a6 11. Bd3 Be7 12. Re1 0-0 13. c3 Rd8 14. Bc2 Qc7 15. Qf3 Rxd4 16. Bxh7+ Nxh7 17. cxd4 Nf6 18. Be3 Bd7 19. Rac1 Bc6 20. Qe2 Qd7 21. f3 Nd5 22. Bf2 Bb4 23. Red1 Ba4 24. b3 Bc6 25. Qf1 Bb5 26. Rc4 Bxc4 27. bxc4 Nf6 28. Bh4 Be7 29. Qd3 Rd8 30. Bf2 Bc5 31. Qc2 Ba7 32. c5 Qd5 33. Re1 Qc6 34. Qb2 Nd5 35. Bg3 Bb8 36. Bf2 Nf4 37. Rb1 Rd7 38. Qd2 e5 39. Qe3 Rxd4 40. Qb3 Rd5 41. g3 Nh3+ 42. Kg2 Nxf2 43. Qxb7 Qxb7 44. Rxb7 Rd8 45. Kxf2 f5 46. Rb6 Ba7 47. Rxa6 Bxc5+ 48. Ke2 Rd6 49. Ra5 Bd4 50. f4 Re6 51. Rd5 g6 52. fxe5 Rxe5+ 53. Rxe5 Bxe5 54. a4 Kf7 55. a5 g5 56. Kf3 Kg6 57. a6 Bb8 58. g4 f4 59. h4 Ba7 60. h5+ Kh6 61. Ke4 Bb6 62. Kf3 Kg7 63. Ke4 Kf6 64. Kf3 Ke5 65. Kg2 Kd6 66. Kf3 Kc7 67. Ke4 Kb8 68. h6 Bd8 69. Ke5 Ba5 70. Kd4 Bd8 71. Ke5 Ba5 72. Kd4 Bd8 73. Ke5 1/2-1/2